A megyei pártbizottság munkabizottságai
Elmentve itt :
| Dokumentumtípus: | Cikk |
|---|---|
| Megjelent: |
1980-03-04
|
| Sorozat: | Délmagyarország
70 No. 53 |
| Kulcsszavak: | Csongrád megye, Párt Magyar Szocialista Munkáspárt munkabizottságok Csongrád megye |
| Online Access: | http://dmarchiv.bibl.u-szeged.hu/85560 |
| LEADER | 00485nab a2200145 i 4500 | ||
|---|---|---|---|
| 001 | delm85560 | ||
| 005 | 20190607105546.0 | ||
| 008 | 190607s1980 hu o 0|| hun d | ||
| 040 | |a SZTE Délmagyarország Archívum |b hun | ||
| 041 | |a hun | ||
| 245 | 0 | 2 | |a A megyei pártbizottság munkabizottságai |h [elektronikus dokumentum] |
| 260 | |c 1980-03-04 | ||
| 300 | |a 3 | ||
| 490 | 0 | |a Délmagyarország |v 70 No. 53 | |
| 695 | |a Csongrád megye, Párt Magyar Szocialista Munkáspárt munkabizottságok Csongrád megye | ||